Smečka /
Fantasy příběh z internátní školy pro neobyčejné dívky.
Uloženo v:
| Hlavní autor: | |
|---|---|
| Další autoři: | |
| Médium: | E-kniha |
| Jazyk: | Czech |
| Vydáno: |
V Brně :
CPress,
2024
|
| Vydání: | 1. vydání |
| Témata: | |
| Tagy: |
Žádné tagy |
| LEADER | 02558nam a2200493 i 4500 | ||
|---|---|---|---|
| 001 | 312331 | ||
| 003 | CZ PrSKC | ||
| 005 | 20260601215721.0 | ||
| 007 | ta | ||
| 008 | 240328s2024 xr c 000 f cze | ||
| 015 | |a cnb003596857 | ||
| 020 | |a 9788026451686 |q (vázáno) : |c Kč 299,00 | ||
| 035 | |a (OCoLC)1438777009 | ||
| 040 | |a ABG001 |b cze |e rda | ||
| 041 | 1 | |a cze |h eng | |
| 072 | 7 | |a 821.111-3 |x Anglická próza, anglicky psaná |2 Konspekt | |
| 072 | 7 | |a 821-93 |x Literatura pro děti a mládež (beletrie) |2 Konspekt | |
| 080 | |a 821.111(71)-31 |2 MRF | ||
| 080 | |a 821-93 |2 MRF | ||
| 080 | |a (0:82-312.9) |2 MRF | ||
| 100 | 1 | |a Harrison, Lisi, |d 1975- |7 mzk2006343125 |4 aut | |
| 240 | 1 | 0 | |a Pack. |l Česky |
| 245 | 1 | 0 | |a Smečka / |c Lisi Harrisonová ; z anglického originálu The pack ... přeložila Eva Kadlecová Pourová |
| 250 | |a 1. vydání | ||
| 264 | 1 | |a V Brně : |b CPress, |c 2024 | |
| 300 | |a 222 stran ; |c 22 cm | ||
| 336 | |a text |b txt |2 rdacontent | ||
| 337 | |a bez média |b n |2 rdamedia | ||
| 338 | |a svazek |b nc |2 rdacarrier | ||
| 520 | 2 | |a Fantasy příběh z internátní školy pro neobyčejné dívky. |b Kouzelný dům není jen tak obyčejná dívčí škola. Dívky, které tuto internátní školu navštěvují, mají ve svém nitru divoké zvířecí světlo. Sadie je tu nová a jediné, co si přeje, je zapadnout mezi ostatní a vyhnout se průšvihům. Když vyjde najevo, že se v ní ukrývá to nejdivočejší zvířecí světlo ze všech, dostane pozvání přidat se do party dívek, které si říkají Smečka. V jejím čele stojí Lindsey, královna školní džungle. Nakladatelská anotace. | |
| 521 | 8 | |a Pro čtenáře od 11 let | |
| 655 | 7 | |a kanadské romány (anglicky) |7 fd139325 |2 czenas | |
| 655 | 7 | |a fantasy romány |7 fd184199 |2 czenas | |
| 655 | 7 | |a publikace pro děti |7 fd133156 |2 czenas | |
| 655 | 9 | |a Canadian fiction (English) |2 eczenas | |
| 655 | 9 | |a fantasy novels |2 eczenas | |
| 655 | 9 | |a children's literature |2 eczenas | |
| 700 | 1 | |a Kadlecová Pourová, Eva |7 jo20221142667 |4 trl | |
| 900 | |a ABA001 |b 20 | ||
| 928 | 9 | |a Albatros Media - CPress | |
| 044 | |a xr | ||
| 910 | |a RBIT002 | ||
| 998 | |d 401198 |a https://core.palmknihy.cz/api/books/401198/cover?saojwk |b https://core.palmknihy.cz/api/books/401198/cover/400?saojwk |c https://core.palmknihy.cz/api/books/401198/cover/50?saojwk |e 2028-04-26 |g 224 |i 9788026451686 |j https://core.palmknihy.cz/api/books/401198/preview.epub |k https://core.palmknihy.cz/api/books/401198/preview.pdf |l |q 49 |r 1 |s https://www.palmknihy.cz/kniha/401198 |t ebook |y 2024 |z 0 | ||
| 999 | |d 312329 | ||